Das Urbild des Sozialismus und dessen Konzequenzen

Bibliographic Details
Main Author: Lord, Joseph (Author)
Format: Book
Language:English
PhysicalDescription:32 s.
Published: Pressburg Karl Stampfel 1889

MARC

LEADER 00000nam a2200000 a 4500
001 vtls008414308
003 SK-MaSNL
005 20260301021254.0
008 240318 000 0 eng
040 |a SNK  |b slo  |c SNK  |e AACR2 
100 1 |a Lord, Joseph  |4 aut  |9 309967 
245 1 4 |a Das Urbild des Sozialismus und dessen Konzequenzen 
260 |a Pressburg  |b Karl Stampfel  |c 1889 
300 |a 32 s. 
999 |c 564985  |d 566915 
952 |a SNK  |b SNK  |y VYP  |7 0  |p 17A0492475  |o snkSC 3243 D1  |i snkD 3155/61  |8 1  |3 rekatalogizácia  |0 0  |1 0  |4 0  |d 2005-12-07  |l 0  |r 2026-02-23 13:55:02  |w 2026-02-23 
952 |a SNK  |b SNK  |y VYP  |7 0  |p 17A0492476  |o snkSC 3243 D2  |i snkF 1722/80  |8 5  |3 rekatalogizácia  |0 0  |1 0  |4 0  |d 2005-12-07  |l 0  |r 2026-02-23 13:55:02  |w 2026-02-23 
952 |a SNK  |b SNK  |y PREZ  |7 0  |p 17A0755278  |o snkSC 3243  |i snk3175/44  |0 0  |1 0  |4 0  |d 2011-11-29  |l 0  |r 2025-06-25 00:00:00  |w 2026-02-23